| 000 | 00615nam a2200229Ia 4500 | ||
|---|---|---|---|
| 008 | 220204s9999 xx 000 0 und d | ||
| 082 |
_a581.14 _bSTE |
||
| 100 | _aSTEEVES, Taylor A | ||
| 245 | 0 | _aPatterns in plant development | |
| 260 |
_aNew Jersey _bPrentice Hall _c1972 |
||
| 490 | _aFoundations in development biology series | ||
| 650 | _aEmbryogenesis | ||
| 650 | _aFlowering | ||
| 650 | _aOrganogenesis | ||
| 650 | _aPlant development | ||
| 650 | _aShoot apex | ||
| 650 | _aShoot expansion | ||
| 650 | _aVascular cambium | ||
| 650 | _aVascular plant | ||
| 700 | _aSUSSEX, Ian M | ||
| 942 | _cBK | ||
| 999 |
_c23811 _d23811 |
||